Electromagnetic Fields, Energy, And Forces / (Record no. 71891)
[ view plain ]
| 000 -LEADER | |
|---|---|
| fixed length control field | 00890nam a2200265 a 4500 |
| 001 - CONTROL NUMBER | |
| control field | 71891 |
| 003 - CONTROL NUMBER IDENTIFIER | |
| rucl marc code | BD-RjUL |
| 005 - DATE AND TIME OF LATEST TRANSACTION | |
| control field | 20211209082157.0 |
| 008 - FIXED-LENGTH DATA ELEMENTS--GENERAL INFORMATION | |
| fixed length control field | 170509s19681960maua b 001 0 eng d |
| 035 ## - SYSTEM CONTROL NUMBER | |
| System control number | (BD-RjUL)72107 |
| 040 ## - CATALOGING SOURCE | |
| Original cataloging agency | DLC |
| Transcribing agency | DLC |
| Modifying agency | BD-RjUL |
| Language of cataloging | eng |
| 041 ## - LANGUAGE CODE | |
| Language code of text/sound track or separate title | eng |
| 082 00 - DEWEY DECIMAL CLASSIFICATION NUMBER | |
| Classification number | 537.1 |
| Edition number | 23 |
| Author mark and year | FAE 1968 |
| 100 1# - MAIN ENTRY--PERSONAL NAME | |
| Personal name | Fano, Robert M. |
| 9 (RLIN) | 212639 |
| 245 10 - TITLE STATEMENT | |
| Title | Electromagnetic Fields, Energy, And Forces / |
| Statement of responsibility, etc. | [by] Robert M. Fano, Lan Jen Chu [and] Richard B. Adler. |
| 260 ## - PUBLICATION, DISTRIBUTION, ETC. (IMPRINT) | |
| Place of publication, distribution, etc. | Cambridge, Mass. : |
| Name of publisher, distributor, etc. | M.I.T. Press, |
| Date of publication, distribution, etc. | c1960 [Printing 1968] |
| 300 ## - PHYSICAL DESCRIPTION | |
| Pagination | xv, 520 p. : |
| Illustrations | ill. ; |
| Size | 24 cm. |
| 504 ## - BIBLIOGRAPHY, ETC. NOTE | |
| Bibliography, etc | Includes bibliographies & Index. |
| 650 #0 - SUBJECT ADDED ENTRY--TOPICAL TERM | |
| Topical term or geographic name as entry element | Electromagnetic fields. |
| 9 (RLIN) | 134705 |
| Topical term or geographic name as entry element | Electrodynamics. |
| 9 (RLIN) | 212640 |
| 700 1# - ADDED ENTRY--PERSONAL NAME | |
| Personal name | Chu, Lan Jen, |
| Dates associated with a name | 1913- |
| Relator term | joint author. |
| Personal name | Adler, Richard B., |
| Relator term | joint author. |
| 942 ## - ADDED ENTRY ELEMENTS (KOHA) | |
| Source of classification or shelving scheme | Dewey Decimal Classification |
| Koha item type | Books |
| Lost status | Source of classification or shelving scheme | Damaged status | Not for loan | Collection code | Permanent Location | Current Location | Shelving location | Date acquired | Source of acquisition | Cost, normal purchase price | Total Checkouts | Full call number | Date last seen | Copy number | Koha item type |
|---|---|---|---|---|---|---|---|---|---|---|---|---|---|---|---|
| Dewey Decimal Classification | Not For Loan | Non-fiction | Central Library, University of Rajshahi | Central Library, University of Rajshahi | Reading Room | 13/10/1970 | Sweets and Zeitlinger | 112.00 | 537.1 FAE 1968 | 09/05/2017 | C-1 | Books | |||
| Dewey Decimal Classification | Non-fiction | Central Library, University of Rajshahi | Central Library, University of Rajshahi | 24/10/1962 | Sweets and Zeitlinger | 90.00 | 537.1 FAE 1968 | 09/05/2017 | C-2 | Books | |||||
| Dewey Decimal Classification | Non-fiction | Central Library, University of Rajshahi | Central Library, University of Rajshahi | 13/10/1970 | Zeitlinger | 112.00 | 537.1 FAE 1968 | 09/05/2017 | C-3 | Books | |||||
| Dewey Decimal Classification | Non-fiction | Central Library, University of Rajshahi | Central Library, University of Rajshahi | 24/10/1962 | Sweets and Zeitlinger | 90.00 | 537.1 FAE 1960 | 16/05/2017 | C-4 | Books |